[Event "Bodenmais op"]
[Site "Bodenmais"]
[Date "2022.07.30"]
[Round "1"]
[White "Ruehl, Volker"]
[Black "Schleining, Zoya"]
[Result "0-1"]
[WhiteElo "1802"]
[BlackElo "2331"]
[PlyCount "58"]
[EventDate "2022.07.30"]
[EventType "swiss"]
[EventRounds "9"]
[EventCountry "GER"]
[SourceTitle "CBM 209 Extra"]
[Source "ChessBase"]
[SourceDate "2022.09.30"]
[SourceVersion "1"]
[SourceVersionDate "2022.09.30"]
[SourceQuality "1"]

1. b4 e5 2. Bb2 d6 3. c4 f5 4. Nc3 Nf6 5. e3 Nbd7 6. d3 g6 7. Nge2 Bg7 8. Qb1 0-0 9. Nc1 f4 10. e4 f3 11. g3 g5 12. Nb3 c5 13. a3 Rf7 14. Nd1 b6 15. Bc3 Nf8 16. a4 Ne6 17. a5 cxb4 18. Bxb4 Rb8 19. Qa2 Nc5 20. Nd2 Nfd7 21. Nc3 Nf8 22. Qc2 Nfe6 23. Nb5 a6 24. Nc3 Nd4 25. Qd1 Be6 26. axb6 Qxb6 27. Ba5 Qc6 28. Nd5 Rb2 29. Bc3 Nc2+ 0-1

[Event "Stuttgart-chB int"]
[Site "Ditzingen"]
[Date "2018.05.12"]
[Round "5"]
[White "Ruehl, Volker"]
[Black "Koeller, Horst"]
[Result "1-0"]
[WhiteElo "1801"]
[BlackElo "1718"]
[PlyCount "81"]
[EventDate "2018.05.10"]
[EventType "swiss"]
[EventRounds "7"]
[EventCountry "GER"]
[SourceTitle "EXT 2020"]
[Source "ChessBase"]
[SourceDate "2019.10.17"]
[SourceVersion "1"]
[SourceVersionDate "2019.10.17"]
[SourceQuality "1"]

1. f4 e5 2. fxe5 d6 3. exd6 Bxd6 4. Nf3 Bg4 5. e4 Nf6 6. Nc3 Qe7 7. d3 Nbd7 8. Bg5 0-0-0 9. Qd2 c6 10. Be2 h6 11. Be3 Nb6 12. Qc1 g5 13. a4 Bxf3 14. gxf3 Bb8 15. Kf2 Rhg8 16. Qf1 g4 17. fxg4 Nxg4+ 18. Bxg4+ Rxg4 19. Qh3 Qh4+ 20. Qxh4 Rxh4 21. Rag1 Be5 22. a5 Na8 23. h3 b6 24. axb6 axb6 25. Rg4 Rh5 26. Kg2 Kb7 27. Rf1 Rd7 28. Rf5 Rxf5 29. exf5 h5 30. Rh4 Nc7 31. Rxh5 Nd5 32. Nxd5 Rxd5 33. b3 f6 34. Kf3 Bc3 35. Bf4 Ra5 36. h4 Ra2 37. Rh8 Rxc2 38. h5 Rb2 39. h6 Rb1 40. h7 Rh1 41. Rb8+ 1-0

[Event "Rheinland Pfalz op 8th"]
[Site "Reil an der Mosel"]
[Date "2016.05.26"]
[Round "2"]
[White "Ruehl, Volker"]
[Black "Buzov, Boris"]
[Result "0-1"]
[WhiteElo "1830"]
[BlackElo "2053"]
[PlyCount "124"]
[EventDate "2016.05.26"]
[EventType "swiss"]
[EventRounds "7"]
[EventCountry "GER"]
[SourceTitle "EXT 2018"]
[Source "ChessBase"]
[SourceDate "2017.10.13"]
[SourceVersion "1"]
[SourceVersionDate "2017.10.13"]
[SourceQuality "1"]

1. b4 c5 2. bxc5 e5 3. Bb2 Nc6 4. Nf3 Bxc5 5. e3 Qe7 6. Be2 Nf6 7. 0-0 0-0 8. Nxe5 Nxe5 9. d4 Bd6 10. dxe5 Bxe5 11. Bd4 b6 12. Bf3 Rb8 13. c3 Bb7 14. Nd2 Rfc8 15. Qb3 d5 16. Be2 Ne4 17. Nxe4 dxe4 18. a4 Rc6 19. g3 Bc7 20. Qa3 Bd6 21. Qa2 Bc5 22. a5 Qc7 23. Bb5 Rh6 24. Rfb1 Bc6 25. axb6 axb6 26. Bc4 Rf8 27. Qa7 Qc8 28. Bf1 Bd5 29. Qa6 Qc7 30. Qb5 Bc6 31. Qc4 Rh5 32. Qe2 Rg5 33. Ra6 h6 34. h4 Rg6 35. Rba1 Bb7 36. Ra7 Qc8 37. Kh2 Rc6 38. Bh3 Qc7 39. Qg4 Bxd4 40. cxd4 Rf6 41. Qe2 Qc6 42. Kg1 Qd5 43. Rc1 Rc6 44. Qb2 Rxc1+ 45. Qxc1 Bc6 46. Rc7 Bb5 47. Bc8 Bd3 48. Bb7 Qa2 49. Re7 f5 50. Re5 Kh8 51. Bd5 Qe2 52. Re6 b5 53. Rc6 Kh7 54. Be6 Rf6 55. d5 Bc4 56. Rc8 Kg6 57. Rb8 Kh5 58. Bd7 Kg4 59. Kg2 Qf3+ 60. Kh2 Qxf2+ 61. Kh1 Kh3 62. Qg1 Qf3+ 0-1

[Event "Stuttgart-chB op"]
[Site "Ditzingen"]
[Date "2015.05.15"]
[Round "4"]
[White "Ruehl, Volker"]
[Black "Kusch, Jacek"]
[Result "1-0"]
[WhiteElo "1830"]
[BlackElo "1720"]
[PlyCount "59"]
[EventDate "2015.05.17"]
[EventType "swiss"]
[EventRounds "7"]
[EventCountry "GER"]
[SourceTitle "EXT 2018"]
[Source "ChessBase"]
[SourceDate "2017.10.13"]
[SourceVersion "1"]
[SourceVersionDate "2017.10.13"]
[SourceQuality "1"]

1. f4 c5 2. g3 Nc6 3. Nf3 g6 4. e4 e6 5. Bg2 d6 6. 0-0 Bg7 7. c3 c4 8. d4 cxd3 9. Qxd3 Nge7 10. Be3 0-0 11. Na3 a6 12. Rfd1 d5 13. exd5 Nxd5 14. Bc5 Re8 15. Ng5 Nf6 16. Nc4 Nd7 17. Bxc6 bxc6 18. Nb6 Ra7 19. Nxc8 Rb7 20. Nb6 Bf8 21. Nxd7 Bxc5+ 22. Nxc5 Qb6 23. Qd4 e5 24. fxe5 Rbe7 25. Nd7 Qxb2 26. Nf6+ Kf8 27. Nxe8 Rxe8 28. Rf1 f5 29. Rab1 Qxa2 30. Nxh7+ 1-0

[Event "Stuttgart-chB int"]
[Site "Ditzingen"]
[Date "2014.05.30"]
[Round "4"]
[White "Blum, Michael"]
[Black "Ruehl, Volker"]
[Result "1/2-1/2"]
[WhiteElo "1594"]
[BlackElo "1831"]
[PlyCount "49"]
[EventDate "2014.05.29"]
[EventType "swiss"]
[EventRounds "7"]
[EventCountry "GER"]
[SourceTitle "EXT 2015"]
[Source "ChessBase"]
[SourceDate "2014.11.20"]
[SourceVersion "1"]
[SourceVersionDate "2014.11.20"]
[SourceQuality "1"]

1. e4 c5 2. Nf3 a6 3. d4 cxd4 4. Nxd4 e5 5. Nb3 Nf6 6. Nc3 Bb4 7. Bg5 Qb6 8. f3 Nc6 9. Qd2 Nd4 10. Bd3 Nxb3 11. axb3 h6 12. Bh4 g5 13. Bf2 Qc7 14. 0-0 Bxc3 15. bxc3 d6 16. Rfd1 Be6 17. Bb5+ Ke7 18. Be2 b5 19. c4 bxc4 20. bxc4 Nd7 21. h4 f6 22. g4 Nc5 23. Kg2 Rhb8 24. Rh1 Rh8 25. Qe3 1/2-1/2

[Event "Stuttgart-chB int"]
[Site "Ditzingen"]
[Date "2014.05.29"]
[Round "3"]
[White "Ruehl, Volker"]
[Black "Tsybulevsky, Juri"]
[Result "0-1"]
[WhiteElo "1831"]
[BlackElo "1676"]
[PlyCount "130"]
[EventDate "2014.05.29"]
[EventType "swiss"]
[EventRounds "7"]
[EventCountry "GER"]
[SourceTitle "EXT 2015"]
[Source "ChessBase"]
[SourceDate "2014.11.20"]
[SourceVersion "1"]
[SourceVersionDate "2014.11.20"]
[SourceQuality "1"]

1. b4 e6 2. Bb2 Nf6 3. b5 d5 4. Nf3 c5 5. e3 Nbd7 6. a4 b6 7. d3 Bb7 8. Be2 a5 9. Na3 Qc7 10. c4 Bd6 11. h3 0-0 12. Qc2 Rac8 13. 0-0 h6 14. Nd2 Ne8 15. Rac1 Qb8 16. cxd5 exd5 17. Qd1 f5 18. Nab1 Nef6 19. Bf3 Ne5 20. Bxe5 Bxe5 21. Nb3 Rfd8 22. d4 Bh2+ 23. Kh1 c4 24. N3d2 Bd6 25. Nc3 Ne4 26. Ndxe4 fxe4 27. Bg4 Ba3 28. Bxc8 Bxc8 29. Rc2 Be7 30. Qh5 Be6 31. f4 Bf7 32. Qd1 Qd6 33. Qe1 Bf6 34. Qf2 Qe7 35. f5 Bg5 36. g3 Bh5 37. g4 Bf7 38. Ne2 Qa3 39. Nc3 Qd6 40. Re1 Qe7 41. Qh2 Bh4 42. Ree2 h5 43. Qe5 Qd7 44. Qf4 Qe7 45. Qe5 Qd7 46. Rg2 Bf6 47. Qg3 h4 48. Qf4 Qd6 49. g5 Qxf4 50. exf4 Bxd4 51. Rg4 Bh5 52. Rxh4 Bf3+ 53. Kh2 e3 54. Kg3 e2 55. Nxe2 Be4 56. Nxd4 Bxc2 57. Nxc2 d4 58. Kf3 d3 59. Ne3 c3 60. f6 c2 61. f7+ Kxf7 62. g6+ Kg8 63. Nf5 c1Q 64. Rh7 Qd1+ 65. Ke4 Qe2+ 0-1

[Event "Stuttgart-chB int"]
[Site "Ditzingen"]
[Date "2013.05.09"]
[Round "2"]
[White "Gheng, Hannelore"]
[Black "Ruehl, Volker"]
[Result "0-1"]
[WhiteElo "1691"]
[BlackElo "1817"]
[PlyCount "49"]
[EventDate "2013.05.09"]
[EventType "swiss"]
[EventRounds "7"]
[EventCountry "GER"]
[SourceTitle "EXT 2014"]
[Source "ChessBase"]
[SourceDate "2013.11.20"]
[SourceVersion "1"]
[SourceVersionDate "2013.11.20"]
[SourceQuality "1"]

1. e4 c5 2. Nf3 g6 3. d4 cxd4 4. Nxd4 Bg7 5. Bc4 Nc6 6. Nxc6 bxc6 7. 0-0 d6 8. Nc3 Bd7 9. f4 Qc7 10. Qf3 e6 11. f5 gxf5 12. exf5 d5 13. fxe6 Bxe6 14. Nxd5 cxd5 15. Bxd5 Qc5+ 16. Be3 Qxd5 17. Qg3 Be5 18. Bf4 Bd4+ 19. Kh1 Nf6 20. c4 Qc6 21. Rad1 Rg8 22. Bg5 Ne4 23. Qa3 Bc5 24. Qa5 Rxg5 25. Rd3 0-1

[Event "Stuttgart-chB int"]
[Site "Ditzingen"]
[Date "2012.05.17"]
[Round "1"]
[White "Schreiber, Winfried"]
[Black "Ruehl, Volker"]
[Result "1-0"]
[WhiteElo "1628"]
[BlackElo "1842"]
[PlyCount "123"]
[EventDate "2012.05.17"]
[EventType "swiss"]
[EventRounds "7"]
[EventCountry "GER"]
[SourceTitle "EXT 2018"]
[Source "ChessBase"]
[SourceDate "2017.10.13"]
[SourceVersion "1"]
[SourceVersionDate "2017.10.13"]
[SourceQuality "1"]

1. c4 e5 2. Nc3 Nf6 3. Nf3 Nc6 4. g3 d5 5. cxd5 Nxd5 6. Bg2 Nb6 7. 0-0 Be7 8. e3 Bg4 9. h3 Be6 10. d4 exd4 11. exd4 0-0 12. Be3 Qd7 13. Ne5 Nxe5 14. dxe5 Qxd1 15. Rfxd1 Nc4 16. Nd5 Bxd5 17. Rxd5 Nxe3 18. fxe3 Bg5 19. Kf2 Rad8 20. Rad1 c6 21. Rd7 Rb8 22. h4 Bd8 23. Ke2 Re8 24. Bh3 Kf8 25. Rf1 Re7 26. e6 Rxd7 27. exd7 Ke7 28. g4 Bc7 29. g5 Rf8 30. Kd3 f6 31. gxf6+ Rxf6 32. Rxf6 Kxf6 33. Ke4 h5 34. Kf3 Ke5 35. b3 Bd8 36. e4 Bxh4 37. Bf5 Be7 38. Bg6 h4 39. Bf5 c5 40. Ke3 b5 41. Kd3 Bf6 42. a4 a6 43. Ke3 g5 44. Bg4 bxa4 45. bxa4 a5 46. Bf5 c4 47. Bg4 c3 48. Bf5 Bd8 49. Kd3 Kf4 50. Kxc3 Kg3 51. e5 h3 52. Kd4 h2 53. Be4 Kf4 54. Kd5 g4 55. Bh1 Kf5 56. Kd6 g3 57. e6 Kf6 58. Bd5 Bb6 59. e7 Bc5+ 60. Kxc5 Kxe7 61. Kb5 Kxd7 62. Kxa5 1-0

[Event "Stuttgart-chB int"]
[Site "Gerlingen"]
[Date "2011.06.03"]
[Round "3"]
[White "Haefele, Torsten"]
[Black "Ruehl, Volker"]
[Result "1/2-1/2"]
[WhiteElo "1574"]
[BlackElo "1837"]
[PlyCount "43"]
[EventDate "2011.06.02"]
[EventType "swiss"]
[EventRounds "7"]
[EventCountry "GER"]
[SourceTitle "EXT 2018"]
[Source "ChessBase"]
[SourceDate "2017.10.13"]
[SourceVersion "1"]
[SourceVersionDate "2017.10.13"]
[SourceQuality "1"]

1. e4 d5 2. exd5 Nf6 3. Nc3 Nxd5 4. Nxd5 Qxd5 5. d4 Nc6 6. c3 e5 7. Nf3 Bg4 8. Be2 exd4 9. 0-0 0-0-0 10. cxd4 Be7 11. Be3 Bf6 12. b3 Kb8 13. Qc2 Bf5 14. Qd2 h6 15. Rfd1 g5 16. Rac1 Rhg8 17. Rc5 Qd7 18. d5 Ne5 19. Nd4 Be7 20. Bb5 Qc8 21. Nxf5 Qxf5 22. Rxc7 1/2-1/2

[Event "Stuttgart-chB int"]
[Site "Gerlingen"]
[Date "2011.06.02"]
[Round "2"]
[White "Ruehl, Volker"]
[Black "Malcan, Oener"]
[Result "1/2-1/2"]
[WhiteElo "1837"]
[BlackElo "1601"]
[PlyCount "54"]
[EventDate "2011.06.02"]
[EventType "swiss"]
[EventRounds "7"]
[EventCountry "GER"]
[SourceTitle "EXT 2018"]
[Source "ChessBase"]
[SourceDate "2017.10.13"]
[SourceVersion "1"]
[SourceVersionDate "2017.10.13"]
[SourceQuality "1"]

1. b4 c6 2. c4 d6 3. a4 e5 4. e3 Nf6 5. Bb2 Qc7 6. Nf3 Be6 7. Be2 Be7 8. 0-0 Nbd7 9. Nc3 0-0 10. d3 b6 11. Nd2 Bf5 12. f4 exf4 13. exf4 h6 14. Nde4 d5 15. Ng3 Bh7 16. b5 dxc4 17. dxc4 Rad8 18. Qe1 Nc5 19. Rf3 Nd3 20. Bxd3 Bc5+ 21. Kh1 Bxd3 22. Nge4 Bxe4 23. Nxe4 Nxe4 24. Qxe4 cxb5 25. Rg3 f6 26. cxb5 Qd7 27. h4 Qd5 1/2-1/2

[Event "Stuttgart-chB int"]
[Site "Ditzingen"]
[Date "2009.05.24"]
[Round "7"]
[White "Ruehl, Volker"]
[Black "Heilmeier, Tom"]
[Result "1-0"]
[WhiteElo "1873"]
[BlackElo "1342"]
[PlyCount "53"]
[EventDate "2009.05.21"]
[EventType "swiss"]
[EventRounds "7"]
[EventCountry "GER"]
[SourceTitle "EXT 2018"]
[Source "ChessBase"]
[SourceDate "2017.10.13"]
[SourceVersion "1"]
[SourceVersionDate "2017.10.13"]
[SourceQuality "1"]

1. e4 e6 2. d4 d5 3. Nc3 Nf6 4. e5 Nfd7 5. f4 c5 6. Nf3 Nc6 7. Be3 Qb6 8. Rb1 c4 9. Be2 Bb4 10. Qd2 0-0 11. 0-0 Qa6 12. a3 Bxc3 13. Qxc3 Qa5 14. Qxa5 Nxa5 15. Nh4 Nb6 16. f5 exf5 17. Nxf5 Bxf5 18. Rxf5 Rfe8 19. Bf3 Rad8 20. Bg5 Rd7 21. Bg4 Rc7 22. Rbf1 Na4 23. Bc1 Nc6 24. c3 h6 25. R5f2 Nd8 26. h4 Rc6 27. Bd7 1-0

[Event "Stuttgart-chB int"]
[Site "Ditzingen"]
[Date "2009.05.21"]
[Round "3"]
[White "Ruehl, Volker"]
[Black "Werner, Stefan1111"]
[Result "0-1"]
[WhiteElo "1873"]
[BlackElo "1695"]
[PlyCount "56"]
[EventDate "2009.05.21"]
[EventType "swiss"]
[EventRounds "7"]
[EventCountry "GER"]
[SourceTitle "EXT 2018"]
[Source "ChessBase"]
[SourceDate "2017.10.13"]
[SourceVersion "1"]
[SourceVersionDate "2017.10.13"]
[SourceQuality "1"]

1. e4 e5 2. Nf3 Nc6 3. d4 exd4 4. Nxd4 Bc5 5. Be3 Qf6 6. c3 Nge7 7. f4 d6 8. Bb5 Bd7 9. 0-0 a6 10. Ba4 0-0-0 11. b4 Bxd4 12. Bxd4 Nxd4 13. Bxd7+ Rxd7 14. cxd4 Nc6 15. e5 dxe5 16. fxe5 Qe6 17. Nc3 Rxd4 18. Qf3 Nxe5 19. Qe3 Rhd8 20. Rae1 f6 21. a3 Rd3 22. Qc1 Qb3 23. Ne4 Qxa3 24. Qc5 b6 25. Qe7 R3d7 26. Qe6 Qxb4 27. Rc1 Qxe4 28. Qxb6 Qd4+ 0-1

[Event "Stuttgart-chB int"]
[Site "Ditzingen"]
[Date "2008.05.03"]
[Round "6"]
[White "Koeller, Horst"]
[Black "Ruehl, Volker"]
[Result "1/2-1/2"]
[WhiteElo "1599"]
[BlackElo "1886"]
[PlyCount "110"]
[EventDate "2008.05.01"]
[EventType "swiss"]
[EventRounds "7"]
[EventCountry "GER"]
[SourceTitle "EXT 2018"]
[Source "ChessBase"]
[SourceDate "2017.10.13"]
[SourceVersion "1"]
[SourceVersionDate "2017.10.13"]
[SourceQuality "1"]

1. e4 d5 2. exd5 Nf6 3. d4 Nxd5 4. c4 Nb6 5. h3 Nc6 6. Nf3 Bf5 7. a3 e6 8. Be3 Be7 9. Be2 0-0 10. 0-0 Bf6 11. Nc3 Qd7 12. g4 Bg6 13. g5 Be7 14. Ne5 Nxe5 15. dxe5 Rfd8 16. Qxd7 Nxd7 17. f4 Bc5 18. Bxc5 Nxc5 19. Rad1 Kf8 20. b4 Ne4 21. Nxe4 Bxe4 22. Rxd8+ Rxd8 23. Rd1 Rxd1+ 24. Bxd1 Ke7 25. Kf2 f6 26. gxf6+ gxf6 27. exf6+ Kxf6 28. Ke3 Bg2 29. h4 h6 30. Bg4 b6 31. Kd4 Bc6 32. c5 Be8 33. cxb6 cxb6 34. h5 Bb5 35. Ke4 Ba4 36. Kd4 Bc2 37. Ke3 e5 38. Bd7 Bf5 39. Be8 Ke7 40. Bb5 Bg4 41. fxe5 Ke6 42. Kf4 Bxh5 43. Bc4+ Ke7 44. Bd5 Bf7 45. Be4 Be6 46. a4 a5 47. bxa5 bxa5 48. Bc2 Bc4 49. Bd1 Ke6 50. Ke4 Bd5+ 51. Kf4 Bc6 52. Bb3+ Ke7 53. Bd1 Be8 54. Ke4 h5 55. Bxh5 Bxh5 1/2-1/2

[Event "Stuttgart-chA int"]
[Site "Ditzingen"]
[Date "2006.05.27"]
[Round "6"]
[White "Ruehl, Volker"]
[Black "Stoehrer, Philip"]
[Result "1-0"]
[WhiteElo "1949"]
[BlackElo "1829"]
[PlyCount "85"]
[EventDate "2006.05.25"]
[EventType "swiss"]
[EventRounds "7"]
[EventCountry "GER"]
[SourceTitle "EXT 2018"]
[Source "ChessBase"]
[SourceDate "2017.10.13"]
[SourceVersion "1"]
[SourceVersionDate "2017.10.13"]
[SourceQuality "1"]

1. e4 e6 2. d4 d5 3. Be3 Nf6 4. Nd2 dxe4 5. Bb5+ Bd7 6. Qe2 Be7 7. c3 0-0 8. Bxd7 Nbxd7 9. Bg5 e5 10. Bxf6 Bxf6 11. 0-0-0 exd4 12. Nxe4 Re8 13. Qg4 Ne5 14. Qf4 Nc6 15. Nf3 Re6 16. Neg5 Bxg5 17. Nxg5 Rg6 18. Qxf7+ Kh8 19. h4 Qe7 20. Qxe7 Nxe7 21. Rxd4 h6 22. Rd7 Kg8 23. Rxe7 hxg5 24. h5 Rc6 25. Rd1 Kh7 26. Rdd7 Kh6 27. g4 Rg8 28. Rxc7 Rxc7 29. Rxc7 Rf8 30. Rxb7 Rxf2 31. Rb4 Rf6 32. Rd4 g6 33. hxg6 Kxg6 34. a3 Rc6 35. Kc2 Kf6 36. b4 Ke5 37. a4 Rh6 38. Kb3 Rf6 39. b5 a6 40. Kc4 axb5+ 41. axb5 Rf4 42. Rxf4 gxf4 43. Kd3 1-0